| 000 | 00760pam a2200265 a 4500 | ||
|---|---|---|---|
| 001 | 3871874 | ||
| 005 | 20170721124226.0 | ||
| 006 | 000 | ||
| 007 | 000 | ||
| 008 | 000 | ||
| 010 | _a 89023910 | ||
| 020 |
_a0408033932 : _c£40.00 |
||
| 040 |
_aUOEL _cDLC _dDLC |
||
| 050 | 0 | 0 |
_aTD883 _b.O83 1989 |
| 082 | 0 | 0 |
_a628.5/3 _220 |
| 100 | 1 |
_aOsborn, Peter D. _q(Peter David) |
|
| 245 | 1 | 4 |
_aThe engineer's clean air handbook / _cP.D. Osborn. |
| 260 |
_aLondon ; _aBoston : _bButterworths, _c1989. |
||
| 300 |
_axii, 201 p. : _bill. ; _c24 cm. |
||
| 504 | _aIncludes bibliographical references and index (p. 195-156). | ||
| 650 | 0 |
_aAir _xPollution. |
|
| 650 | 0 | _aAir quality management. | |
| 906 |
_a7 _bcbc _corignew _d1 _eocip _f19 _gy-gencatlg |
||
| 942 |
_2lcc _cSBK |
||
| 999 |
_c13901 _d13901 |
||